নজরুল ইন্সটিটিউট পত্রিকা : (Record no. 3093)
[ view plain ]
| 000 -LEADER | |
|---|---|
| fixed length control field | 00855nam a2200241 a 4500 |
| 001 - CONTROL NUMBER | |
| JCCL Control Number | 3093 |
| 003 - CONTROL NUMBER IDENTIFIER | |
| JCCL marc code | BD-JhCC |
| 005 - DATE AND TIME OF LATEST TRANSACTION | |
| control field | 20180404174804.0 |
| 008 - FIXED-LENGTH DATA ELEMENTS--GENERAL INFORMATION | |
| fixed length control field | 171109s1999 bg |||| ||a| 000 0 ben d |
| 020 ## - INTERNATIONAL STANDARD BOOK NUMBER | |
| International Standard Book Number | 9845552080 |
| 035 ## - SYSTEM CONTROL NUMBER | |
| system control number | (BD-JhCC)3093 |
| 040 ## - CATALOGING SOURCE | |
| Original cataloging agency | BD-JhCC |
| Modifying agency | BD-JhCC |
| 041 ## - LANGUAGE CODE | |
| Language code of Book | ben |
| 082 ## - DEWEY DECIMAL CLASSIFICATION NUMBER | |
| Classification number | 070 |
| Author mark and Year | NAZ 1999 |
| 100 ## - MAIN ENTRY--PERSONAL NAME | |
| Personal name | নজরুল ইন্সটিটিউট পত্রিকা |
| 245 ## - TITLE STATEMENT | |
| Title | নজরুল ইন্সটিটিউট পত্রিকা : |
| Remainder of title | নজরুল জন্মশতবর্ষ সংখ্যা / |
| Statement of responsibility, etc | মুহাম্মদ নূরুল হুদা (সম্পা) |
| 260 ## - PUBLICATION, DISTRIBUTION, ETC. (IMPRINT) | |
| Place of publication, distribution, etc | ঢাকা : |
| Name of publisher, distributor, etc | নজরুল ইন্সটিটিউট, |
| Date of publication, distribution, etc | 1999 |
| 300 ## - PHYSICAL DESCRIPTION | |
| Pagination | 512 p. : |
| Dimensions | 24 cm. |
| 650 ## - SUBJECT ADDED ENTRY--TOPICAL TERM | |
| Topical term or geographic name as entry element | Bengali Literature |
| 650 ## - SUBJECT ADDED ENTRY--TOPICAL TERM | |
| Topical term or geographic name as entry element | Newspaper |
| 942 ## - ADDED ENTRY ELEMENTS (KOHA) | |
| Source of classification or shelving scheme | Dewey Decimal Classification |
| Koha item type | Books |
| Source of classification or shelving scheme | Damaged status | Not for loan | Home library | Current library | Shelving location | Date of accession | Cost, normal purchase price | Total Checkouts | Full call number | Barcode | Date last seen | Copy number | Koha item type |
|---|---|---|---|---|---|---|---|---|---|---|---|---|---|
| Dewey Decimal Classification | JCC Rouf Library | JCC Rouf Library | General Stacks | 11/09/2017 | 200.00 | 070 NAZ 1999 | 3745 | 11/09/2017 | C-1 | Books |